<?xml version="1.0" encoding="UTF-8"?>
<record
    xmlns:xsi="http://www.w3.org/2001/XMLSchema-instance"
    xsi:schemaLocation="http://www.loc.gov/MARC21/slim http://www.loc.gov/standards/marcxml/schema/MARC21slim.xsd"
    xmlns="http://www.loc.gov/MARC21/slim">

  <leader>00544nam a2200205Ia 4500</leader>
  <controlfield tag="003">IIN</controlfield>
  <controlfield tag="005">20240129165234.0</controlfield>
  <controlfield tag="008">231217s9999    xx            000 0 und d</controlfield>
  <datafield tag="020" ind1=" " ind2=" ">
    <subfield code="c">Rs.1095.00</subfield>
    <subfield code="a">9788131244616</subfield>
  </datafield>
  <datafield tag="040" ind1=" " ind2=" ">
    <subfield code="a">IIN</subfield>
    <subfield code="b">English</subfield>
  </datafield>
  <datafield tag="082" ind1=" " ind2=" ">
    <subfield code="a">616.9041 </subfield>
    <subfield code="b">PAR</subfield>
  </datafield>
  <datafield tag="100" ind1="1" ind2=" ">
    <subfield code="a">Parija, Subhas Chandra </subfield>
  </datafield>
  <datafield tag="245" ind1="1" ind2=" ">
    <subfield code="a">Textbook of Microbiology and Immunology</subfield>
    <subfield code="c">Subhas Chandra Parija</subfield>
  </datafield>
  <datafield tag="250" ind1=" " ind2=" ">
    <subfield code="a">.- 3rd ed</subfield>
  </datafield>
  <datafield tag="260" ind1=" " ind2=" ">
    <subfield code="b">Elsevier</subfield>
    <subfield code="a">New Delhi</subfield>
    <subfield code="c">2016</subfield>
  </datafield>
  <datafield tag="300" ind1=" " ind2=" ">
    <subfield code="a">xiv, 670 p.</subfield>
  </datafield>
  <datafield tag="650" ind1="1" ind2=" ">
    <subfield code="a">Microbiology </subfield>
  </datafield>
  <datafield tag="650" ind1="1" ind2=" ">
    <subfield code="a">Immunology</subfield>
  </datafield>
  <datafield tag="942" ind1=" " ind2=" ">
    <subfield code="c">BOOK</subfield>
  </datafield>
  <datafield tag="952" ind1=" " ind2=" ">
    <subfield code="0">0</subfield>
    <subfield code="1">0</subfield>
    <subfield code="2">ddc</subfield>
    <subfield code="4">0</subfield>
    <subfield code="7">0</subfield>
    <subfield code="8">Purches Book</subfield>
    <subfield code="a">IIN</subfield>
    <subfield code="b">IIN</subfield>
    <subfield code="d">2023-12-17</subfield>
    <subfield code="g">1095.00</subfield>
    <subfield code="l">0</subfield>
    <subfield code="o">616.9041 PAR</subfield>
    <subfield code="p">924</subfield>
    <subfield code="r">2023-12-17 21:32:28</subfield>
    <subfield code="w">2023-12-17</subfield>
    <subfield code="y">BOOK</subfield>
  </datafield>
  <datafield tag="952" ind1=" " ind2=" ">
    <subfield code="0">0</subfield>
    <subfield code="1">0</subfield>
    <subfield code="2">ddc</subfield>
    <subfield code="4">0</subfield>
    <subfield code="7">0</subfield>
    <subfield code="8">Purches Book</subfield>
    <subfield code="a">IIN</subfield>
    <subfield code="b">IIN</subfield>
    <subfield code="d">2023-12-17</subfield>
    <subfield code="g">1095.00</subfield>
    <subfield code="l">0</subfield>
    <subfield code="o">616.9041 PAR</subfield>
    <subfield code="p">925</subfield>
    <subfield code="r">2023-12-17 21:32:28</subfield>
    <subfield code="w">2023-12-17</subfield>
    <subfield code="y">BOOK</subfield>
  </datafield>
  <datafield tag="952" ind1=" " ind2=" ">
    <subfield code="0">0</subfield>
    <subfield code="1">0</subfield>
    <subfield code="2">ddc</subfield>
    <subfield code="4">0</subfield>
    <subfield code="7">0</subfield>
    <subfield code="8">Purches Book</subfield>
    <subfield code="a">IIN</subfield>
    <subfield code="b">IIN</subfield>
    <subfield code="d">2023-12-17</subfield>
    <subfield code="g">1095.00</subfield>
    <subfield code="l">0</subfield>
    <subfield code="o">616.9041 PAR</subfield>
    <subfield code="p">926</subfield>
    <subfield code="r">2023-12-17 21:32:28</subfield>
    <subfield code="w">2023-12-17</subfield>
    <subfield code="y">BOOK</subfield>
  </datafield>
  <datafield tag="952" ind1=" " ind2=" ">
    <subfield code="0">0</subfield>
    <subfield code="1">0</subfield>
    <subfield code="2">ddc</subfield>
    <subfield code="4">0</subfield>
    <subfield code="7">0</subfield>
    <subfield code="8">PURCH</subfield>
    <subfield code="a">IIN</subfield>
    <subfield code="b">IIN</subfield>
    <subfield code="c">GEN</subfield>
    <subfield code="d">2025-03-11</subfield>
    <subfield code="l">0</subfield>
    <subfield code="o">616.9041  PAR</subfield>
    <subfield code="p">1891</subfield>
    <subfield code="r">2025-04-12 12:06:55</subfield>
    <subfield code="w">2025-04-12</subfield>
    <subfield code="y">BOOK</subfield>
  </datafield>
  <datafield tag="999" ind1=" " ind2=" ">
    <subfield code="c">930</subfield>
    <subfield code="d">930</subfield>
  </datafield>
</record>
